000 00846nmm a2200265 a 4500
001 ocm000964993
003 TR-IsHL
005 20201028150834.0
008 150110s2014 tu tur
007 cr cn
020 _a9786055831561
035 _a964993
_b(N$T)
050 0 4 _aPL248.I345
_bT37 2014
090 0 4 _aPL248.I345
_bT37 2014
100 1 _aİçel , Bahadır
245 1 0 _aTanrının üvey evlatları
_h[electronic resource] /
_cBahadır İçel
260 _aİstanbul :
_bAltın Bilek Yayınları,
_c2014
300 _a477 p.
650 4 _aDil ve Edebiyat
650 4 _aLanguage and Literature
650 0 _aTurkish fiction
650 0 _aTürk romanı
650 7 _aLITERARY COLLECTIONS / Middle Eastern
_2bisacsh
856 4 0 _uhttp://search.ebscohost.com/login.aspx?direct=true&scope=site&db=e011xww&AN=964993
999 _c10690
_d10690